000 00272nam a22001217a 4500
008 181105b xxu||||| |||| 00| 0 eng d
041 _aeng
080 _25th
_a101
100 _a24
101 _aFIL
245 _aLiving Issues in Philosophy
_cTitus,H.H
942 _2udc
_cBK
999 _c51827
_d51827